Les meilleurs buteurs en LDC depuis 2000 - Statistiques

Statistiques générales
  • Ce quiz a été pris 1 295 fois
    326 depuis la dernière actualisation
  • Le résultat moyen est 25 sur 30
Statistiques - réponses
Saison Joueur % Correct
2017-2018 Cristiano Ronaldo Real Madrid 15
99%
2016-2017 Cristiano Ronaldo Real Madrid 12
99%
2015-2016 Cristiano Ronaldo Real Madrid 16
99%
2014-2015 Cristiano Ronaldo Real Madrid 10
99%
2013-2014 Cristiano Ronaldo Real Madrid 17
99%
2012-2013 Cristiano Ronaldo Real Madrid 12
99%
2007-2008 Cristiano Ronaldo Manchester United 8
99%
2022-2023 Erling Haaland Manchester City 12
99%
2020-2021 Erling Haaland Dortmund 10
99%
2023-2024 Kylian Mbappe Paris Saint-Germain 8
99%
2018-2019 Lionel Messi Barcelone 12
99%
2014-2015 Lionel Messi Barcelone 10
99%
2011-2012 Lionel Messi Barcelone 14
99%
2010-2011 Lionel Messi Barcelone 12
99%
2009-2010 Lionel Messi Barcelone 8
99%
2008-2009 Lionel Messi Barcelone 9
99%
2021-2022 Karim Benzema Real Madrid 15
98%
2023-2024 Harry Kane Bayern Munich 8
96%
2019-2020 Robert Lewandowski Bayern Munich 15
95%
2014-2015 Neymar Jr. Barcelone 10
93%
2006-2007 Kaká AC Milan 10
76%
2000-2001 Raúl Real Madrid 7
67%
1999-2000 Raúl Real Madrid 10
67%
2004-2005 Ruud van Nistelrooy Manchester United 8
55%
2002-2003 Ruud van Nistelrooy Manchester United 12
55%
2001-2002 Ruud van Nistelrooy Manchester United 10
55%
2005-2006 Andriy Chevtchenko AC Milan 9
53%
1999-2000 Rivaldo Barcelone 10
46%
2003-2004 Fernando Morientes AS Monaco 9
31%
1999-2000 Mário Jardel FC Porto 10
9%
Aucun quiz correspondant
Distribution des résultats
% des personnes avec chaque résultat
Percentile par nombre de réponses
Votre historique - résultats
Vous n’avez pas pris ce quiz depuis la dernière actualisation